Emmy-Nominated Comedy Actors by Picture - Statistics

General Stats
  • This quiz has been taken 49 times
  • The average score is 13 of 20
Answer Stats
Picture Answer % Correct
Robin Williams
95%
Ben Stiller
93%
Jerry Seinfeld
86%
Alec Baldwin
82%
Bill Cosby
80%
Bryan Cranston
75%
David Schwimmer
75%
Ricky Gervais
73%
Keegan-Michael Key
68%
David Spade
66%
Don Cheadle
66%
Stanley Tucci
66%
Aziz Ansari
59%
Bill Hader
59%
Ted Danson
57%
Henry Winkler
52%
Tracy Morgan
52%
Alan Alda
45%
John Lithgow
43%
Bernie Mac
32%
No matching quizzes found
Score Distribution
Percent of People with Each Score
Percentile by Number Answered
Your Score History
You have not taken this quiz